Statistics for Ultimate Back to the Future quiz

Click here to take the quiz!

General Stats

  • This quiz has been taken 657 times
  • The average score is 9 of 15

Answer Stats

HintAnswer% Correct
Who played Marty Mcfly?Michael J Fox
95%
What is Marty's girlfriend called?Jennifer Parker
94%
What was Doc's dog called in 1985?Einstein
89%
How many gigawatts are needed to power the Flux capactor?1.21
83%
What was Marty called in 1885?Clint Eastwood
79%
Who played Doc Emmett Brown?Christopher Lloyd
78%
What is Buford Tannen's nicknameMad dog
73%
Who played George McFly?Crispin Glover
56%
What replaced the plutonium?Mr Fusion
51%
What was Doc's dog called in 1955?Copernicus
48%
Who was origionally cast for Marty Mcfly?Eric Stoltz
44%
At what time is the clock tower hit by lightning?10 04 pm
43%
What was Marty's band called?The Pinheads
43%
What was George Mcfly's book called?A match made in space
22%
Who played Jennifer Parker?Lea Thompson
6%

Score Distribution

Percentile by Number Answered

Percent of People with Each Score

Your Score History

You have not taken this quiz